| 000 | 00993cam a22003011 4500 | ||
|---|---|---|---|
| 999 |
_c27174 _d27174 |
||
| 001 | 8368260 | ||
| 003 | OSt | ||
| 005 | 20170207145726.0 | ||
| 008 | 750513s1950 nyua b 000 0 eng | ||
| 010 | _a 51002387 | ||
| 035 | _a(OCoLC)1329237 | ||
| 040 |
_aDLC _cNNCU-G _dOCoLC _dDLC |
||
| 042 | _apremarc | ||
| 050 | 0 | 0 |
_aNK1510 _b.N4 |
| 082 | _a745.43 | ||
| 110 | 2 | _aMuseum of Modern Art (New York, N.Y.) | |
| 245 | 1 | 0 |
_aWhat is modern design? _cBy Edgar Kaufmann, Jr. |
| 260 |
_aNew York _c[1950] |
||
| 300 |
_a30, [2] p. _billus. _c26 cm. |
||
| 490 | 1 |
_aIts Introductory series to the modern arts, _v3 |
|
| 504 | _aBibliography: p. [32] | ||
| 650 | 0 | _aIndustrial design. | |
| 700 | 1 |
_aKaufmann, Edgar, _d1910-1989. |
|
| 830 | 0 |
_aIntroductory series to the modern arts ; _v3. |
|
| 906 |
_a7 _bcbc _coclcrpl _du _encip _f19 _gy-gencatlg |
||
| 942 |
_2lcc _cBOOKS _hNK 1510 .N4 1950 |
||